000 01319cam a22003374a 4500
001 2157537
003 OSt
005 20250206175111.0
008 990325s1999 miua b 001 0 eng
010 _a 99026079
020 _a0310223644 (alk. paper)
020 _z9780310873068
_qebook
035 _a(DLC) 99026079
040 _aDLC
_cDLC
_dDLC
042 _apcc
050 0 0 _aBR100
_b.N27 1999
082 0 0 _a190
_221
100 1 _aNash, Ronald H.
245 1 0 _aLife's ultimate questions :
_ban introduction to philosophy /
_cRonald H. Nash.
260 _aGrand Rapids, MI :
_bZondervan Publishing House,
_cc1999.
300 _a395 p. ;
_bill. ;
_c25 cm.
504 _aIncludes bibliographical references (p. 385) and index.
650 0 _aChristianity
_xPhilosophy.
650 0 _aPhilosophy
_vIntroductions.
856 4 2 _3Publisher description
_uhttp://www.loc.gov/catdir/enhancements/fy0633/99026079-d.html
856 4 1 _3Table of contents only
_uhttp://www.loc.gov/catdir/enhancements/fy0633/99026079-t.html
856 4 1 _3Sample text
_uhttp://www.loc.gov/catdir/enhancements/fy0642/99026079-s.html
906 _a7
_bcbc
_corignew
_d1
_eocip
_f19
_gy-gencatlg
942 _2lcc
_cBK
_n0
999 _c3511
_d3511